000 00302nam a22001337a 4500
003 SGT
020 _a9788179100554
082 _a370.114
100 _aTHOMAS,B.
245 _aMORAL AND VALUE EDUCATION
260 _aJAIPUR
_bAAVISHKAR PUBLISHERS DISTRIBUTORS
_c2021
300 _a230
942 _2ddc
_cBK
999 _c34040
_d34040